"Pop Girls" Gen Z ~ Albums → Chanteuse - Statistiques

Statistiques générales
  • Ce quiz a été pris 209 fois
  • Le résultat moyen est 7 sur 12
Statistiques - réponses
Album Chanteuse % Correct
Short n' Sweet Sabrina Carpenter
97%
GUTS Olivia Rodrigo
90%
brat Charli xcx
81%
Eternal Sunshine Ariana Grande
80%
Hit Me Hard and Soft Billie Eilish
78%
Radical Optimism Dua Lipa
67%
Think later - So close to what Tate McRae
53%
Motomami Rosalía
40%
The Rise and Fall of a Midwest Princes Chappell Roan
37%
C, XOXO Camilla Cabello
29%
Dopamine Normani
5%
Back of My Mind H.E.R.
3%
Aucun quiz correspondant
Distribution des résultats
% des personnes avec chaque résultat
Percentile par nombre de réponses
Votre historique - résultats
Vous n’avez pas pris ce quiz